000
00227 a2200097 4500
001
24457
100
_a
Yeh, H
245
_a
Principles of Mechanics of solids and Fluids
260
_a
_b
McGraw-Hill
_c
1960
090
_c
16512
_d
16512
942
_a
NUST-CAE
_c
M
_c
7239
999
_c
259530
_d
259530